Organization Development: (Record no. 189313)

MARC details
000 -LEADER
fixed length control field 00757nam a22002297a 4500
005 - DATE AND TIME OF LATEST TRANSACTION
control field 20220926121134.0
010 ## - LCCN (DPL NO)
LC control number B-745687
020 ## - INTERNATIONAL STANDARD BOOK NUMBER
International Standard Book Number 9788177582611
Terms of availability 629.00
037 ## - SOURCE OF ACQUISITION
Source of stock number/acquisition Pearson
082 ## - DEWEY DECIMAL CLASSIFICATION NUMBER
Classification number 658.406
100 ## - MAIN ENTRY--PERSONAL NAME
Personal name French, L. Wendell
245 ## - TITLE STATEMENT
Title Organization Development:
Statement of responsibility, etc Wendell L. French
Remainder of title Behavioral Science Interventions for Organization Improvement/
250 ## - EDITION STATEMENT
Edition statement 6th
260 ## - PUBLICATION, DISTRIBUTION, ETC. (IMPRINT)
Place of publication, distribution, etc New Delhi
Name of publisher, distributor, etc Pearson
270 ## - ADDRESS
Address 11 Community Center , Panchsheel Park,
City New Delhi
Postal code 110017
300 ## - PHYSICAL DESCRIPTION
Extent xiii,236p.
Other physical details ill.
Dimensions 24 cm (pb)
500 ## - GENERAL NOTE
General note Subject Index
700 ## - ADDED ENTRY--PERSONAL NAME
Personal name Jr. Bell,H. Cecil
700 ## - ADDED ENTRY--PERSONAL NAME
Personal name Vohra, Veena
942 ## - ADDED ENTRY ELEMENTS (KOHA)
Source of classification or shelving scheme Dewey Decimal Classification
Item type English Books
Classification part 658.406
Call number suffix FRE
Holdings
Withdrawn status Lost status Not for loan Collection code Home library Current library Date acquired Source of acquisition Cost, normal purchase price Full call number Barcode Copy number Cost, replacement price Koha item type Public note
      Non-fiction Kadipur Kadipur 26/09/2022 22.9.22/Gift 629.00 658.406 FRE B-745687 1 629.00 English Books Gift

© Delhi Public Library
Hit Counter
free hit counter